Kuliyat e shamsul Rehman Farooqui/ (Record no. 613519)

000 -LEADER
fixed length control field 00304nam a22001097a 4500
082 ## - DEWEY DECIMAL CLASSIFICATION NUMBER
Classification number 891.4393
Author Mark SHE
245 ## - TITLE STATEMENT
Title Kuliyat e shamsul Rehman Farooqui/
Remainder of title By:Shehnaz Nabi
300 ## - PHYSICAL DESCRIPTION
Extent 544p.
880 ## - ALTERNATE GRAPHIC REPRESENTATION
Linkage 100-01\r
Title شہناز نبی
880 ## - ALTERNATE GRAPHIC REPRESENTATION
Linkage 245-02\r
Title کلیات شمس الرحمٰن
942 ## - ADDED ENTRY ELEMENTS (KOHA)
Source of classification or shelving scheme
Koha item type Book
Holdings
Withdrawn status Lost status Source of classification or shelving scheme Damaged status Not for loan Permanent Location Current Location Date acquired Total Checkouts Full call number Barcode Date last seen Price effective from Koha item type
          Central Library (CL) Central Library (CL) 04/08/2025   891.4393 SHE CL-D-2682 04/08/2025 04/08/2025 Book
© 2023 Central Library, National University of Sciences and Technology. All Rights Reserved.